<?xml version="1.0" encoding="UTF-8"?>
<record
    xmlns:xsi="http://www.w3.org/2001/XMLSchema-instance"
    xsi:schemaLocation="http://www.loc.gov/MARC21/slim http://www.loc.gov/standards/marcxml/schema/MARC21slim.xsd"
    xmlns="http://www.loc.gov/MARC21/slim">

  <leader>00965cam a22002531i 4500</leader>
  <controlfield tag="001">sa 68020784 </controlfield>
  <controlfield tag="003">DLC</controlfield>
  <controlfield tag="005">20260227112727.0</controlfield>
  <controlfield tag="008">801203s1967    ii a          000 0 tibo </controlfield>
  <datafield tag="010" ind1=" " ind2=" ">
    <subfield code="a">sa 68020784 </subfield>
  </datafield>
  <datafield tag="020" ind1=" " ind2=" ">
    <subfield code="c">Rs13.50</subfield>
  </datafield>
  <datafield tag="025" ind1=" " ind2=" ">
    <subfield code="a">PL480: I-Tib-147</subfield>
  </datafield>
  <datafield tag="035" ind1=" " ind2=" ">
    <subfield code="a">(OCoLC)6992832</subfield>
  </datafield>
  <datafield tag="040" ind1=" " ind2=" ">
    <subfield code="a">DLC</subfield>
    <subfield code="c">InU</subfield>
    <subfield code="d">DLC</subfield>
  </datafield>
  <datafield tag="042" ind1=" " ind2=" ">
    <subfield code="a">premarc</subfield>
  </datafield>
  <datafield tag="050" ind1="0" ind2="0">
    <subfield code="a">BQ7695</subfield>
    <subfield code="b">.L75</subfield>
  </datafield>
  <datafield tag="130" ind1="0" ind2=" ">
    <subfield code="a">Smon lam rnam dgu</subfield>
    <subfield code="k">Selections.</subfield>
  </datafield>
  <datafield tag="245" ind1="1" ind2="0">
    <subfield code="a">Ltu&#x1E45; b&#x15B;ags :</subfield>
    <subfield code="b">Spyi b&#x15B;ags, Gtso rgyal ma, Bza&#x1E45; spyod, Byams smon, Spyod &#x2BC;jug, Thog mtha&#x2BC; ma, Bde smon, Byams pa&#x2BC;i sku gzugs, Bde chen lhun grub, Bar do&#x2BC;i gsol &#x2BC;debs, Blo bza&#x1E45; rgyas bstan ma, Rje Rin po che&#x2BC;i bstan pa da&#x1E45; mjal pa&#x2BC;i smon lam bcas b&#x17A;ugs so.</subfield>
  </datafield>
  <datafield tag="260" ind1=" " ind2=" ">
    <subfield code="a">[Ldi-lli :</subfield>
    <subfield code="b">Lha-dba&#x1E45;-nor-bu da&#x1E45; Gro&#x1E45;-rog-lha-mo,</subfield>
    <subfield code="c">1967?]</subfield>
  </datafield>
  <datafield tag="300" ind1=" " ind2=" ">
    <subfield code="a">134 p. :</subfield>
    <subfield code="b">ill. ;</subfield>
    <subfield code="c">8 x 30 cm.</subfield>
  </datafield>
  <datafield tag="500" ind1=" " ind2=" ">
    <subfield code="a">In Tibetan.</subfield>
  </datafield>
  <datafield tag="650" ind1=" " ind2="0">
    <subfield code="a">Dge-lugs-pa (Sect)</subfield>
    <subfield code="v">Prayers and devotions.</subfield>
  </datafield>
  <datafield tag="650" ind1=" " ind2="0">
    <subfield code="a">Tibetan language</subfield>
    <subfield code="v">Texts.</subfield>
  </datafield>
  <datafield tag="999" ind1=" " ind2=" ">
    <subfield code="c">89586</subfield>
    <subfield code="d">89586</subfield>
  </datafield>
</record>
